[Event "Sachsen-Anhalt-ch 25th"]
[Site "Magdeburg"]
[Date "2015.05.16"]
[Round "5"]
[White "Zimmermann, Christian"]
[Black "Paul, Johannes"]
[Result "1/2-1/2"]
[WhiteElo "2103"]
[BlackElo "2207"]
[PlyCount "120"]
[EventDate "2015.05.14"]
[EventType "tourn"]
[EventRounds "7"]
[EventCountry "GER"]
[SourceTitle "EXT 2016"]
[Source "ChessBase"]
[SourceDate "2015.10.08"]
[SourceVersion "1"]
[SourceVersionDate "2015.10.08"]
[SourceQuality "1"]

1. e4 e6 2. d4 d5 3. Nc3 Bb4 4. e5 c5 5. a3 Bxc3+ 6. bxc3 Ne7 7. Qg4 0-0 8. Bd3 Nbc6 9. Qh5 Ng6 10. Nf3 Qc7 11. Be3 c4 12. Bxg6 fxg6 13. Qh4 Bd7 14. Ng5 h6 15. Nf3 Be8 16. Qg3 b5 17. Nh4 g5 18. Nf3 Bh5 19. h4 g4 20. Nh2 Qf7 21. Nxg4 Qg6 22. f3 Ne7 23. Kd2 Nf5 24. Qh3 Bxg4 25. Qxg4 Qxg4 26. fxg4 Ng3 27. Rh3 Ne4+ 28. Ke1 Rf7 29. a4 bxa4 30. Rxa4 Rb8 31. Rb4 Rbf8 32. Ke2 Nxc3+ 33. Kd2 Ne4+ 34. Ke2 Ra8 35. Rf3 a5 36. Rb6 a4 37. Bc1 c3 38. Ba3 Rxf3 39. gxf3 Nd2 40. Rxe6 Nc4 41. Bb4 a3 42. Bxc3 Rb8 43. Ra6 h5 44. g5 Rb6 45. Rxb6 Nxb6 46. g6 Nc8 47. Kd1 Ne7 48. Kc1 Nxg6 49. Be1 Nf4 50. Kb1 Ng2 51. Bf2 g5 52. hxg5 h4 53. Bxh4 Nxh4 54. f4 Kf7 55. Ka2 Ke6 56. Kxa3 Ng6 57. Kb4 Nxf4 58. c4 dxc4 59. Kxc4 Ng6 60. Kc5 Nxe5 1/2-1/2

[Event "Sachsen-Anhalt-ch 25th"]
[Site "Magdeburg"]
[Date "2015.05.15"]
[Round "3"]
[White "Goergens, Michael"]
[Black "Zimmermann, Christian"]
[Result "0-1"]
[WhiteElo "2045"]
[BlackElo "2103"]
[PlyCount "120"]
[EventDate "2015.05.14"]
[EventType "tourn"]
[EventRounds "7"]
[EventCountry "GER"]
[SourceTitle "EXT 2016"]
[Source "ChessBase"]
[SourceDate "2015.10.08"]
[SourceVersion "1"]
[SourceVersionDate "2015.10.08"]
[SourceQuality "1"]

1. e4 c5 2. Nc3 Nc6 3. g3 g6 4. Bg2 Bg7 5. d3 e6 6. f4 d6 7. Nf3 Nge7 8. 0-0 0-0 9. Be3 b6 10. Qd2 Ba6 11. f5 exf5 12. Bh6 fxe4 13. Bxg7 Kxg7 14. Ng5 Bc8 15. Ncxe4 d5 16. Qf4 f5 17. Nd6 Rf6 18. Nxc8 Rxc8 19. Rae1 Qd6 20. Qa4 h6 21. Nh3 g5 22. c3 Re6 23. Qd1 d4 24. Rxe6 Qxe6 25. c4 Ng6 26. Re1 Nce5 27. Nf2 Re8 28. Kf1 Qd7 29. b3 Re7 30. Bd5 Re8 31. Qc1 Rf8 32. h3 Qe7 33. Qa3 h5 34. Qc1 h4 35. gxh4 Nxh4 36. Rxe5 Qxe5 37. Qxg5+ Ng6 38. Bf3 Qf4 39. Qg2 Kf6 40. Bh5 Ne5 41. h4 Qxh4 42. Qd5 Qxh5 43. Qd6+ Kf7 44. Qd5+ Kg6 45. Qxe5 Qg5 46. Nh3 Qc1+ 47. Kg2 Rg8 48. Kh2 Qd2+ 49. Kh1 Qh6 50. Kh2 Qh5 51. Qe7 Kh6 52. Qf6+ Kh7 53. Qe7+ Rg7 54. Qe1 Qg4 55. Qf2 f4 56. Ng1 Qg3+ 57. Qxg3 Rxg3 58. Ne2 Rxd3 59. Nxf4 Rd2+ 60. Kg3 Rxa2 0-1

[Event "GER-ch U18"]
[Site "Magdeburg"]
[Date "2014.06.10"]
[Round "4"]
[White "Zimmermann, Christian"]
[Black "Gibicar, Danijel"]
[Result "0-1"]
[WhiteElo "2073"]
[BlackElo "2172"]
[PlyCount "76"]
[EventDate "2014.06.08"]
[EventType "swiss"]
[EventRounds "9"]
[EventCountry "GER"]
[SourceTitle "CBM 160 Extra"]
[Source "ChessBase"]
[SourceDate "2014.07.01"]
[SourceVersion "1"]
[SourceVersionDate "2014.07.01"]
[SourceQuality "1"]

1. e4 e6 2. d4 d5 3. Nc3 Bb4 4. e5 c5 5. a3 Bxc3+ 6. bxc3 Ne7 7. Qg4 0-0 8. Bd3 f5 9. exf6 Rxf6 10. Qh5 h6 11. g4 Nbc6 12. g5 g6 13. Qh4 Nf5 14. Bxf5 Rxf5 15. Qxh6 Ne7 16. Ne2 Rf7 17. Qh3 e5 18. Qg2 Bf5 19. 0-0 Qd7 20. Qg3 cxd4 21. cxd4 Bh3 22. Re1 Raf8 23. f4 e4 24. Bd2 Rh7 25. Kh1 Nf5 26. Qc3 Nh4 27. Rg1 Nf3 28. Rg3 Bf1 29. Rxf3 exf3 30. Qxf3 Bxe2 31. Qxe2 Re8 32. Qf2 Qf5 33. Qg2 Rhe7 34. Bb4 Re2 35. Qf3 R8e3 36. Qf1 Qe4+ 37. Kg1 Rf3 38. Qd1 Rg3+ 0-1

[Event "Oberliga Ost-A 1314"]
[Site "Germany"]
[Date "2014.04.05"]
[Round "10.1"]
[White "Zwahr, Paul"]
[Black "Zimmermann, Christian"]
[Result "1-0"]
[WhiteElo "2363"]
[BlackElo "2045"]
[PlyCount "77"]
[EventDate "2013.10.13"]
[EventType "team-tourn"]
[EventRounds "11"]
[EventCountry "GER"]
[SourceTitle "EXT 2015"]
[Source "ChessBase"]
[SourceDate "2014.11.20"]
[SourceVersion "1"]
[SourceVersionDate "2014.11.20"]
[SourceQuality "1"]
[WhiteTeam "Dresden Gruen Weiss"]
[BlackTeam "Koethen Ludwigs"]
[WhiteTeamCountry "GER"]
[BlackTeamCountry "GER"]

1. e4 c5 2. Nf3 d6 3. d4 cxd4 4. Nxd4 Nf6 5. Nc3 a6 6. Be3 e6 7. f3 b5 8. Qd2 Nbd7 9. g4 h6 10. 0-0-0 b4 11. Na4 Ne5 12. b3 Bd7 13. Nb2 Qa5 14. a4 d5 15. h3 Rc8 16. Bg2 Nc6 17. Rhe1 Be7 18. exd5 Nxd5 19. Nc4 Qc7 20. Nf5 exf5 21. Qxd5 Be6 22. Qd3 0-0 23. gxf5 Bxc4 24. Qxc4 Qg3 25. Qg4 Qh4 26. Qxh4 Bxh4 27. Re2 Rfe8 28. Rdd2 Re5 29. f4 Rxf5 30. Rd5 Ne7 31. Rd7 Ng6 32. Be4 Rf6 33. f5 Ne5 34. Rd5 Re8 35. Bd4 Bg3 36. Kd1 h5 37. Bd3 Kh7 38. Bxe5 Bxe5 39. Rexe5 1-0

[Event "Oberliga Ost-A 1314"]
[Site "Germany"]
[Date "2014.01.18"]
[Round "6.1"]
[White "Zimmermann, Christian"]
[Black "Kuchynka, Lukas"]
[Result "1-0"]
[WhiteElo "2045"]
[BlackElo "2316"]
[PlyCount "43"]
[EventDate "2013.10.13"]
[EventType "team-tourn"]
[EventRounds "11"]
[EventCountry "GER"]
[SourceTitle "EXT 2015"]
[Source "ChessBase"]
[SourceDate "2014.11.20"]
[SourceVersion "1"]
[SourceVersionDate "2014.11.20"]
[SourceQuality "1"]
[WhiteTeam "Koethen Ludwigs"]
[BlackTeam "Magdeburg Rochade"]
[WhiteTeamCountry "GER"]
[BlackTeamCountry "GER"]

1. e4 c6 2. d4 d5 3. f3 dxe4 4. fxe4 e5 5. Nf3 Bg4 6. Bc4 Nd7 7. 0-0 Ngf6 8. c3 b5 9. Bxf7+ Kxf7 10. Qb3+ Ke8 11. Nxe5 Nxe5 12. dxe5 Qd3 13. Nd2 Nd7 14. Qf7+ Kd8 15. e6 Ne5 16. Qb7 Bc5+ 17. Kh1 Rc8 18. Qxg7 Ng6 19. Rf7 Bxe6 20. Qf6+ Ne7 21. Qxe6 Qd7 22. Qe5 1-0

[Event "Oberliga Ost-A 1314"]
[Site "Germany"]
[Date "2013.12.15"]
[Round "5.1"]
[White "Lechtynsky, Jiri"]
[Black "Zimmermann, Christian"]
[Result "1-0"]
[WhiteElo "2369"]
[BlackElo "2045"]
[PlyCount "63"]
[EventDate "2013.10.13"]
[EventType "team-tourn"]
[EventRounds "11"]
[EventCountry "GER"]
[SourceTitle "EXT 2015"]
[Source "ChessBase"]
[SourceDate "2014.11.20"]
[SourceVersion "1"]
[SourceVersionDate "2014.11.20"]
[SourceQuality "1"]
[WhiteTeam "Hoyerswerda"]
[BlackTeam "Koethen Ludwigs"]
[WhiteTeamCountry "GER"]
[BlackTeamCountry "GER"]

1. d4 Nf6 2. Nf3 g6 3. c4 Bg7 4. g3 0-0 5. Bg2 c6 6. Nc3 d5 7. cxd5 cxd5 8. Ne5 e6 9. 0-0 Nfd7 10. f4 Nc6 11. Be3 Nb6 12. b3 Bd7 13. Qd2 Rc8 14. Rac1 Re8 15. Kh1 Bf8 16. Nd3 Ba3 17. Rcd1 Ne7 18. Nb1 Bd6 19. Bf2 Bc6 20. g4 Nd7 21. Bh4 Qb6 22. Ne5 Bb4 23. Qe3 Bb5 24. a4 Bc6 25. Rc1 Bd6 26. Rxc6 Nxc6 27. Nxd7 Qxd4 28. Nf6+ Kg7 29. Nxe8+ Rxe8 30. Qc1 Na5 31. e3 Qb4 32. Be1 1-0

[Event "Oberliga Ost-A 1314"]
[Site "Germany"]
[Date "2013.11.24"]
[Round "4.1"]
[White "Feige, Manuel"]
[Black "Zimmermann, Christian"]
[Result "0-1"]
[WhiteElo "2400"]
[BlackElo "2045"]
[PlyCount "106"]
[EventDate "2013.10.13"]
[EventType "team-tourn"]
[EventRounds "11"]
[EventCountry "GER"]
[SourceTitle "EXT 2015"]
[Source "ChessBase"]
[SourceDate "2014.11.20"]
[SourceVersion "1"]
[SourceVersionDate "2014.11.20"]
[SourceQuality "1"]
[WhiteTeam "Chemnitz"]
[BlackTeam "Koethen Ludwigs"]
[WhiteTeamCountry "GER"]
[BlackTeamCountry "GER"]

1. d4 Nf6 2. c4 g6 3. Nc3 d5 4. cxd5 Nxd5 5. e4 Nxc3 6. bxc3 Bg7 7. Nf3 c5 8. Rb1 0-0 9. Be2 cxd4 10. cxd4 Qa5+ 11. Bd2 Qxa2 12. 0-0 Bg4 13. Be3 Nc6 14. d5 Na5 15. Bc5 b6 16. Bxe7 Rfe8 17. d6 Nc6 18. Bb5 Nxe7 19. Bxe8 Rxe8 20. dxe7 Qa3 21. h3 Bxf3 22. Qxf3 Qxf3 23. gxf3 Rxe7 24. Rfd1 Be5 25. Rd8+ Kg7 26. Rbd1 a5 27. R1d7 Kf6 28. Kf1 Ke6 29. Rd5 f6 30. Ra8 Rd7 31. Re8+ Re7 32. Ra8 Rd7 33. Rb5 Bd4 34. Ke2 Bc5 35. Ra6 Rd6 36. f4 Kd7 37. Ra7+ Kc6 38. Rb1 Rd7 39. Rxd7 Kxd7 40. f3 Kc6 41. Kd3 Bd6 42. f5 gxf5 43. exf5 b5 44. Re1 a4 45. Re6 b4 46. Rxf6 a3 47. Rf7 Bc5 48. Rf6+ Kb5 49. Re6 a2 50. Re1 b3 51. Kc3 Ka4 52. Kc4 b2 53. Re8 Bb4 0-1

[Event "Dresden ZMD op 22nd"]
[Site "Dresden"]
[Date "2013.08.14"]
[Round "5"]
[White "Zimmermann, Christian"]
[Black "Ditmas, Hugh"]
[Result "1/2-1/2"]
[WhiteElo "2045"]
[BlackElo "1997"]
[PlyCount "148"]
[EventDate "2013.08.10"]
[EventType "swiss"]
[EventRounds "9"]
[EventCountry "GER"]
[SourceTitle "CBM 155 Extra"]
[Source "ChessBase"]
[SourceDate "2013.08.26"]
[SourceVersion "1"]
[SourceVersionDate "2013.08.26"]
[SourceQuality "1"]

1. e4 c5 2. Nf3 Nc6 3. d4 cxd4 4. Nxd4 Nf6 5. Nc3 e5 6. Ndb5 d6 7. Bg5 a6 8. Na3 b5 9. Nd5 Be7 10. Bxf6 Bxf6 11. c3 Bg5 12. Nc2 0-0 13. a4 bxa4 14. Rxa4 a5 15. Bc4 Bd7 16. Ra1 a4 17. Ndb4 Na5 18. Bd5 Nb3 19. Ra3 Bd2+ 20. Kf1 Qg5 21. h4 Qh6 22. Bxa8 Bb5+ 23. Kg1 Nc1 24. Qg4 Rxa8 25. Nd5 Rd8 26. Nce3 Bxe3 27. Nxe3 Nd3 28. Kh2 Nxf2 29. Qg3 Nxh1 30. Kxh1 Bd7 31. Ra1 Rb8 32. Nc4 Bb5 33. Ne3 Qg6 34. Qxg6 hxg6 35. Rd1 Bc6 36. Rxd6 Bxe4 37. Nc4 f6 38. Nb6 Bc2 39. c4 e4 40. c5 Re8 41. Kg1 e3 42. Kf1 Re5 43. c6 Rc5 44. Na8 Bf5 45. Ke2 Kf7 46. Kxe3 Ke7 47. Rd4 Rxc6 48. Rxa4 Rc2 49. g4 Bxg4 50. Rxg4 Rxb2 51. Rxg6 Kf7 52. Rg4 Rb3+ 53. Kf2 Rb2+ 54. Ke3 Rb3+ 55. Kd2 Rb2+ 56. Kc3 Rh2 57. Nc7 g5 58. hxg5 fxg5 59. Rxg5 Rh4 60. Nb5 Ke6 61. Nd4+ Kf6 62. Ra5 Rh1 63. Kd3 Rd1+ 64. Ke3 Re1+ 65. Kf4 Rf1+ 66. Nf3 Rb1 67. Ra6+ Ke7 68. Ke4 Rb4+ 69. Nd4 Rb1 70. Nf3 Rf1 71. Ng5 Re1+ 72. Kd5 Rd1+ 73. Ke5 Re1+ 74. Ne4 Kd7 1/2-1/2

[Event "Guben op 16th"]
[Site "Guben"]
[Date "2013.01.04"]
[Round "6"]
[White "Zimmermann, Christian"]
[Black "Jagodzinski, Piotr"]
[Result "0-1"]
[WhiteElo "1970"]
[BlackElo "2197"]
[PlyCount "46"]
[EventDate "2013.01.02"]
[EventType "swiss"]
[EventRounds "7"]
[EventCountry "GER"]
[SourceTitle "EXT 2014"]
[Source "ChessBase"]
[SourceDate "2013.11.20"]
[SourceVersion "1"]
[SourceVersionDate "2013.11.20"]
[SourceQuality "1"]

1. e4 c6 2. d4 d5 3. exd5 cxd5 4. c4 Nf6 5. Nc3 Nc6 6. Nf3 e6 7. cxd5 exd5 8. Bd3 Be7 9. 0-0 Bg4 10. Bc2 0-0 11. a3 Qb6 12. Be3 Rfe8 13. Qd3 Bxf3 14. gxf3 g6 15. Kh1 Bf8 16. f4 Ne7 17. Rg1 Bg7 18. Qd2 Rac8 19. f5 Qxb2 20. fxg6 hxg6 21. Bxg6 Qxd2 22. Bxf7+ Kxf7 23. Bxd2 Nf5 0-1

[Event "Magdeburg op 20th"]
[Site "Magdeburg"]
[Date "2012.10.27"]
[Round "2"]
[White "Zimmermann, Christian"]
[Black "Paehtz, Thomas Sr"]
[Result "1/2-1/2"]
[WhiteElo "1950"]
[BlackElo "2420"]
[PlyCount "71"]
[EventDate "2012.10.27"]
[EventType "swiss"]
[EventRounds "7"]
[EventCountry "GER"]
[SourceTitle "EXT 2015"]
[Source "ChessBase"]
[SourceDate "2014.11.20"]
[SourceVersion "1"]
[SourceVersionDate "2014.11.20"]
[SourceQuality "1"]

1. e4 e5 2. Nf3 Nc6 3. Bc4 Nf6 4. Ng5 d5 5. exd5 Na5 6. Bb5+ c6 7. dxc6 bxc6 8. Bd3 Nd5 9. Nf3 Bd6 10. 0-0 0-0 11. Re1 Re8 12. Nc3 f5 13. Nxd5 cxd5 14. Bb5 Bd7 15. Bxd7 Qxd7 16. d3 Nc6 17. Bd2 Rad8 18. Nh4 Qf7 19. c3 e4 20. d4 Be7 21. g3 Bxh4 22. gxh4 f4 23. Qg4 Rf8 24. Kh1 Rd6 25. Rg1 Rf6 26. Qe2 Ne7 27. Rg4 Qe6 28. Rag1 R8f7 29. Qb5 h6 30. Qb8+ Kh7 31. Rxf4 Rxf4 32. Bxf4 Qf5 33. Be3 Qf3+ 34. Rg2 Qd1+ 35. Rg1 Qf3+ 36. Rg2 1/2-1/2

[Event "GER-chT Lands U20"]
[Site "Hannover"]
[Date "2012.10.01"]
[Round "4.3"]
[White "Schroeder, Kevin"]
[Black "Zimmermann, Christian"]
[Result "0-1"]
[WhiteElo "1996"]
[BlackElo "1980"]
[PlyCount "54"]
[EventDate "2012.09.29"]
[EventType "team-swiss"]
[EventRounds "7"]
[EventCountry "GER"]
[SourceTitle "CBM 150 Extra"]
[Source "ChessBase"]
[SourceDate "2012.10.19"]
[SourceVersion "1"]
[SourceVersionDate "2012.10.19"]
[SourceQuality "1"]
[WhiteTeam "Nordrhein Westfalen"]
[BlackTeam "Sachsen Anhalt"]
[WhiteTeamCountry "GER"]
[BlackTeamCountry "GER"]

1. e4 c5 2. Nf3 d6 3. d4 cxd4 4. Nxd4 Nf6 5. f3 g6 6. c4 Bg7 7. Nc3 0-0 8. Be3 Nc6 9. Qd2 Bd7 10. 0-0-0 Rc8 11. g4 Ne5 12. b3 b5 13. g5 Nh5 14. f4 Ng4 15. Bg1 bxc4 16. Bxc4 e5 17. Ndb5 Bxb5 18. Nxb5 exf4 19. Nxd6 Rc6 20. Qb4 Qxg5 21. Rd5 Qh4 22. Bc5 Ne3 23. Qb7 Qf2 24. Bxe3 Qxe3+ 25. Kb1 Rb6 26. Qe7 Bf6 27. Qc7 Rxd6 0-1

[Event "GER-chT North U16"]
[Site "Berlin"]
[Date "2012.09.09"]
[Round "7.1"]
[White "Groetzbach, Julian"]
[Black "Zimmermann, Christian"]
[Result "1/2-1/2"]
[WhiteElo "1999"]
[BlackElo "1951"]
[PlyCount "92"]
[EventDate "2012.09.06"]
[EventType "team-swiss"]
[EventRounds "7"]
[EventCountry "GER"]
[SourceTitle "EXT 2015"]
[Source "ChessBase"]
[SourceDate "2014.11.20"]
[SourceVersion "1"]
[SourceVersionDate "2014.11.20"]
[SourceQuality "1"]
[WhiteTeam "Hamburger SK"]
[BlackTeam "Cothen Germania"]
[WhiteTeamCountry "GER"]
[BlackTeamCountry "GER"]

1. e4 c5 2. Nf3 d6 3. d4 cxd4 4. Nxd4 Nf6 5. Nc3 g6 6. Be3 Bg7 7. f3 0-0 8. Qd2 Nc6 9. Bc4 Bd7 10. Bb3 Rc8 11. 0-0-0 Nxd4 12. Bxd4 b5 13. Nd5 Nxd5 14. Bxg7 Kxg7 15. exd5 Kg8 16. g4 a5 17. a3 b4 18. axb4 axb4 19. Qxb4 Rb8 20. Qd4 Qa5 21. Rhe1 Rb7 22. Qd3 Qa1+ 23. Kd2 Qxb2 24. Re4 Rfb8 25. Bc4 Ra8 26. Qc3 Qxc3+ 27. Kxc3 Ra4 28. Rdd4 Kf8 29. Be2 Rxd4 30. Kxd4 g5 31. c4 Kg7 32. Bd1 Kf6 33. Bc2 h6 34. Bd1 e6 35. Ke3 Ke7 36. Kd4 e5+ 37. Ke3 Kd8 38. Bc2 Kc7 39. Kd2 Kb6 40. Kc3 Kc5 41. Bd3 Ba4 42. Be2 f6 43. h3 Kb6 44. Kb2 Ka7+ 45. Kc1 Kb6 46. Kb2 Kc5+ 1/2-1/2

[Event "GER-ch U25 op-A"]
[Site "Oberhof"]
[Date "2012.06.02"]
[Round "9"]
[White "Kieslich, Aaron"]
[Black "Zimmermann, Christian"]
[Result "1-0"]
[WhiteElo "2023"]
[BlackElo "1936"]
[PlyCount "99"]
[EventDate "2012.05.27"]
[EventType "swiss"]
[EventRounds "9"]
[EventCountry "GER"]
[SourceTitle "CBM 148 Extra"]
[Source "ChessBase"]
[SourceDate "2012.06.22"]
[SourceVersion "1"]
[SourceVersionDate "2012.06.22"]
[SourceQuality "1"]

1. d4 Nf6 2. c4 g6 3. Nc3 d5 4. Nf3 Bg7 5. Bf4 0-0 6. Rc1 dxc4 7. e4 Bg4 8. Bxc4 Nh5 9. Be3 Bxf3 10. gxf3 e5 11. dxe5 Bxe5 12. Qxd8 Rxd8 13. Ne2 Nd7 14. f4 Bd6 15. 0-0 Nb6 16. Bb3 c6 17. e5 Be7 18. Nc3 Ng7 19. Rfd1 Nf5 20. Ne4 Nxe3 21. fxe3 Kg7 22. Kf2 Rac8 23. Kf3 Nd5 24. Nf2 Nc7 25. Ne4 Nd5 26. Bxd5 cxd5 27. Nc3 f6 28. exf6+ Bxf6 29. Ne2 Rc6 30. Rxc6 bxc6 31. Nd4 Bxd4 32. exd4 Re8 33. Rc1 Re6 34. Rc5 Kf6 35. b4 g5 36. fxg5+ Kxg5 37. b5 Rf6+ 38. Ke3 cxb5 39. Rxd5+ Kg4 40. Rxb5 Rf3+ 41. Ke4 Ra3 42. Rb2 Kg5 43. Rf2 Rc3 44. d5 Rc1 45. Ke5 Re1+ 46. Kd6 Kg6 47. Kd7 Rd1 48. d6 Kg5 49. Kc7 a5 50. Rc2 1-0

[Event "GER-ch U25 op-A"]
[Site "Oberhof"]
[Date "2012.06.01"]
[Round "8"]
[White "Zimmermann, Christian"]
[Black "Figura, Atila Gajo"]
[Result "0-1"]
[WhiteElo "1936"]
[BlackElo "2334"]
[PlyCount "66"]
[EventDate "2012.05.27"]
[EventType "swiss"]
[EventRounds "9"]
[EventCountry "GER"]
[SourceTitle "CBM 148 Extra"]
[Source "ChessBase"]
[SourceDate "2012.06.22"]
[SourceVersion "1"]
[SourceVersionDate "2012.06.22"]
[SourceQuality "1"]

1. e4 c6 2. d4 d5 3. exd5 cxd5 4. c4 Nf6 5. Nc3 e6 6. Nf3 Bb4 7. a3 Bxc3+ 8. bxc3 dxc4 9. Bxc4 Qc7 10. Qd3 0-0 11. 0-0 Nbd7 12. Re1 b6 13. Bd2 Bb7 14. Ba2 Rac8 15. Rac1 Rfe8 16. Ne5 Nxe5 17. Rxe5 g6 18. f4 Qd6 19. a4 Qc6 20. Qh3 Ne4 21. Be1 Qxa4 22. Bb1 Nd6 23. Bh4 Qa3 24. Ree1 f5 25. Bf6 Rf8 26. Be5 Nc4 27. Rc2 Nxe5 28. Rxe5 Qb3 29. Rc1 Qb2 30. Ree1 Bd5 31. Rc2 Qa3 32. Rcc1 Rf7 33. Bd3 Rxc3 0-1

[Event "GER-ch U25 op-A"]
[Site "Oberhof"]
[Date "2012.05.27"]
[Round "1"]
[White "Zimmermann, Christian"]
[Black "Becker, Dirk"]
[Result "1-0"]
[WhiteElo "1936"]
[BlackElo "1720"]
[PlyCount "81"]
[EventDate "2012.05.27"]
[EventType "swiss"]
[EventRounds "9"]
[EventCountry "GER"]
[SourceTitle "CBM 148 Extra"]
[Source "ChessBase"]
[SourceDate "2012.06.22"]
[SourceVersion "1"]
[SourceVersionDate "2012.06.22"]
[SourceQuality "1"]

1. e4 d5 2. exd5 Qxd5 3. Nc3 Qd6 4. d4 Nf6 5. Nf3 c6 6. Ne5 Nbd7 7. Nc4 Qc7 8. Qf3 Nb6 9. Bf4 Qd8 10. Be5 Nbd5 11. Ne4 Be6 12. Bd3 g6 13. Ncd6+ exd6 14. Nxf6+ Nxf6 15. Bxf6 Qa5+ 16. c3 Rg8 17. 0-0 Kd7 18. Rfe1 Re8 19. Re2 h5 20. Bh4 g5 21. Qxh5 Be7 22. Bg3 Rh8 23. Qf3 Rh6 24. Qe3 f5 25. f4 g4 26. b4 Qd8 27. d5 Bxd5 28. Bxf5+ Kc7 29. Qxa7 Bh4 30. Qa5+ Kb8 31. Qxd8+ Rxd8 32. Bxh4 Rxh4 33. Rae1 Rhh8 34. Bxg4 Rdg8 35. Be6 Bxe6 36. Rxe6 Kc7 37. f5 Rh5 38. f6 Rhg5 39. R1e2 Kd7 40. Re7+ Kd8 41. Rxb7 1-0

[Event "GER-chT Nord-Ost U20 U20 1112"]
[Site "Germany"]
[Date "2012.05.13"]
[Round "9"]
[White "Zimmermann, Christian"]
[Black "Nguyen, Manh Hoang"]
[Result "1-0"]
[WhiteElo "1878"]
[BlackElo "1613"]
[PlyCount "78"]
[EventDate "2011.09.24"]
[EventType "team-tourn"]
[EventRounds "9"]
[EventCountry "GER"]
[SourceTitle "EXT 2015"]
[Source "ChessBase"]
[SourceDate "2014.11.20"]
[SourceVersion "1"]
[SourceVersionDate "2014.11.20"]
[SourceQuality "1"]

1. e4 e5 2. Nf3 Nc6 3. Bc4 Bc5 4. 0-0 d6 5. c3 Nf6 6. Re1 0-0 7. d4 exd4 8. cxd4 Bb6 9. h3 h6 10. Nc3 Ne7 11. Bd3 Re8 12. Be3 Ng6 13. Rc1 Ba5 14. Qc2 Nf8 15. a3 c6 16. b4 Bc7 17. Nd2 a5 18. f4 axb4 19. axb4 Bb6 20. Nf3 Ne6 21. Rcd1 Nc7 22. Kh1 Kh8 23. Qd2 Ng8 24. g4 Ne6 25. f5 Nf8 26. g5 h5 27. e5 Bc7 28. g6 f6 29. exf6 Nxf6 30. Ng5 Re7 31. Nf7+ Rxf7 32. gxf7 N8h7 33. Bg5 Qf8 34. Bxf6 Nxf6 35. Ne4 Qxf7 36. Nxf6 Qxf6 37. Re8+ Kh7 38. Qe2 Kh6 39. Rh8+ Kg5 1-0

[Event "Guben op 15th"]
[Site "Guben"]
[Date "2012.01.03"]
[Round "3"]
[White "Sergeev, Vladimir"]
[Black "Zimmermann, Christian"]
[Result "1-0"]
[WhiteElo "2510"]
[BlackElo "1838"]
[PlyCount "50"]
[EventDate "2012.01.02"]
[EventType "swiss"]
[EventRounds "9"]
[EventCountry "GER"]
[SourceTitle "CBM 146 Extra"]
[Source "ChessBase"]
[SourceDate "2012.02.29"]
[SourceVersion "1"]
[SourceVersionDate "2012.02.29"]
[SourceQuality "1"]

1. Nf3 c5 2. e3 g6 3. d4 Bg7 4. Nbd2 cxd4 5. exd4 Nf6 6. Bd3 0-0 7. 0-0 d6 8. Re1 Nc6 9. c3 Be6 10. h3 Rc8 11. Ng5 Qd7 12. Nxe6 fxe6 13. Nf3 Nh5 14. Ng5 e5 15. Nxh7 Qe6 16. Nxf8 Rxf8 17. dxe5 Nxe5 18. Be4 Qf6 19. Be3 b6 20. Qd2 Kh8 21. b3 Rd8 22. g4 Qh4 23. Bg2 Nf6 24. Bg5 Qh7 25. f4 Rc8 1-0

[Event "GER-ch U14"]
[Site "Oberhof"]
[Date "2011.06.15"]
[Round "6"]
[White "Wachinger, David"]
[Black "Zimmermann, Christian"]
[Result "0-1"]
[WhiteElo "1690"]
[BlackElo "1848"]
[PlyCount "62"]
[EventDate "2011.06.11"]
[EventType "swiss"]
[EventRounds "9"]
[EventCountry "GER"]
[SourceTitle "CBM 142 Extra"]
[Source "ChessBase"]
[SourceDate "2011.06.27"]
[SourceVersion "1"]
[SourceVersionDate "2011.06.27"]
[SourceQuality "1"]

1. d4 Nf6 2. c4 c5 3. d5 b5 4. e3 bxc4 5. Nf3 g6 6. Nc3 d6 7. Nd2 Nbd7 8. Nxc4 Nb6 9. e4 Nxc4 10. Bxc4 Bg7 11. 0-0 0-0 12. Qc2 Nd7 13. Be2 Ne5 14. f4 Ng4 15. h3 Bd4+ 16. Kh1 Nf2+ 17. Kh2 e5 18. Nb5 Qh4 19. Nxd4 cxd4 20. Bf3 Ng4+ 21. Bxg4 Bxg4 22. fxe5 dxe5 23. Qd3 Bd7 24. Bd2 Rab8 25. Qa3 Qxe4 26. Rad1 Qxd5 27. Bh6 Rfe8 28. Qxa7 Rxb2 29. Rg1 Rxa2 30. Qb6 Qe6 31. Qb4 Qxh3# 0-1